Patriots Starting Roster - 2026 - Statistics

General Stats
  • This quiz has been taken 21 times
  • The average score is 16 of 26
Answer Stats
Hint Answer % Correct
QB Drake Maye
100%
WR Kayshon Boutte
100%
RB Rhamondre Stevenson
100%
RB TreVeyon Henderson
100%
WR Mack Hollins
89%
TE Hunter Henry
84%
RCB Christian Gonzalez
79%
RDE Milton Williams
79%
WR Romeo Doubs
79%
LT Will Campbell
79%
C Jared Wilson
68%
RT Morgan Moses
68%
SS Craig Woodson
58%
RG Michael Onwenu
58%
SLB Dre'Mont Jones
53%
WLB Harold Landry
53%
LG Alijah Vera-Tucker
47%
K Andres Borregales
47%
RILB Robert Spillane
47%
LCB Carlton Davis
42%
LDE Christian Barmore
42%
P Bryce Baringer
37%
LILB Christian Elliss
37%
FB Reggie Gilliam
37%
FS Kevin Byard
32%
NT Cory Durden
26%
No matching quizzes found
Score Distribution
Percent of People with Each Score
Percentile by Number Answered
Your Score History
You have not taken this quiz